La Biblia, palabra profética

Spremljeno u:
Bibliografski detalji
Glavni autor: Marín Heredia, Francisco (autor)
Format: Knjiga
Jezik:španjolski
Izdano: Pamplona Verbo Divino 1992
Serija:El Mundo de la Biblia
Teme:
Oznake: Dodaj oznaku
Bez oznaka, Budi prvi tko označuje ovaj zapis!

MARC

LEADER 00000nam a2200000 a 4500
001 UCX6390
003 CL-VaPUC
008 930602e19920000SP |||||||||||||||||spa|d
082 0 4 |a 220.7  |b MAR  |2 21 
100 |a Marín Heredia, Francisco  |e autor  |9 322847 
245 1 3 |a La Biblia, palabra profética 
300 |a 330 p 
942 |c BK 
945 |d 19930602 00:00:00 
260 |a Pamplona  |b Verbo Divino  |c 1992 
650 0 |a Biblia  |9 257603 
583 |a last modification  |c 20120711 10:01:17  |k Rodrigo Vera 
490 0 |a El Mundo de la Biblia 
999 |c 226415  |d 226413 
952 |0 0  |1 0  |4 0  |6 220_700000000000000_MAR_1992  |7 0  |8 A  |9 224744  |a BIBTEO  |b BIBTEO  |d 2019-11-15  |i 2934957  |l 4  |o 220.7 MAR 1992  |p 2934957  |r 2025-01-17  |s 2021-08-27  |w 2019-11-15  |y BK  |k ICR